A reprodução nas plantas, nos animais e no homem (Record no. 45417)
[ view plain ]
| 000 -Etiqueta do registo | |
|---|---|
| Valores | 00567cam a2200193 4500 |
| 100 ## - Dados gerais de processamento | |
| Dados gerais | 20020304d1946 m y0pory5003 ba |
| 101 0# - Língua de publicação | |
| Língua | por |
| 102 ## - País de publicação | |
| País | PT |
| 200 1# - Titulo e menção de responsabilidade | |
| Título próprio | A reprodução nas plantas, nos animais e no homem |
| Primeira menção de responsabilidade | Ramiro da Fonseca |
| 210 #9 - Publicação | |
| Local de publicação | [S.l.] |
| Nome do editor | Edições Cosmos |
| Data de publicação | 1946] |
| 215 ## - Descrição física | |
| Paginação / Volumes | 220, [4] p. |
| Outras indicações físicas | il. |
| Dimensões | 19 cm |
| 225 2# - Colecção | |
| Título próprio da colecção | Biblioteca Cosmos |
| Indicação de volume | 106/107 |
| Nome de parte ou secção | Ciências e Técnicas |
| Número de parte ou secção | 1.ª secção |
| 675 ## - CDU | |
| Notação | 57.017 |
| 700 #1 - Autor principal | |
| Apelido | Fonseca, |
| Nome | Ramiro da, |
| Datas | 1911-1991 |
| 801 #0 - Fonte de origem | |
| País | PT |
| Agência | BN |
| Regras de catalogação | RPC |
| 801 #1 - Fonte de origem | |
| País | FR |
| Agência | JOUVE |
| Regras de catalogação | RPC |
| 990 ## - Elementos KOHA | |
| Tipo de documento | Livro |
| Aquisição | Empréstimo | Código de barras | Cota | Permissão de empréstimo | Tipo de documento | Nota relativa ao exemplar |
|---|---|---|---|---|---|---|
| Biblioteca Municipal de Redondo | Biblioteca Municipal de Redondo | 056146 | 57.017 FON | Consulta presencial | Livro | oferta de Vergílio Ambrósio |